000 00994cam a22003254a 4500
001 14648461
003 OSt
005 20140310184255.0
008 061128s2006 nyua j 000 0 eng
010 _a 2006286721
020 _a043973410X
040 _aDLC
_cDLC
050 0 0 _aN 8251.S37
_b.C37 2006
100 1 _aCarangelo, Audrey.
_922866
245 1 0 _aOn the street :
_bpoems about paintings /
_cAudrey Carangelo.
260 _aNew York, NY :
_bScholastic Inc.,
_cc2006.
300 _a8 p. :
_bcol. : ill. ;
_c23 cm.
490 0 _aScholastic FX books ;
_vbk. 8
521 _aG2
526 _c310
541 _j1
650 0 _aStreets in art
_vJuvenile poetry.
_922867
650 0 _aCity and town life in art
_vJuvenile poetry.
_922868
906 _a7
_bcbc
_corignew
_d2
_encip
_f20
_gy-gencatlg
942 _2lcc
_cBK-SCHOLAS
999 _c33405
_d33405